000 00292nam a22001337a 4500
008 181218b xxu||||| |||| 00| 0 eng d
020 _a0023464551
041 _aeng
080 _a510
100 _a37
101 _aMAT
245 _aThermodynamic Foundatons
_cElias.P.G
942 _2udc
_cBK
999 _c53366
_d53366